<?xml version="1.0" encoding="UTF-8"?>
<collection xmlns="http://www.loc.gov/MARC21/slim">
  <record>
    <leader>00000nam  2200000   4500</leader>
    <controlfield tag="001">INLIS000000000016215</controlfield>
    <controlfield tag="008">###################################ind##</controlfield>
    <datafield tag="035" ind1="#" ind2="#">
      <subfield code="a">0010-1023000297</subfield>
    </datafield>
    <datafield tag="245" ind1="#" ind2="#">
      <subfield code="a">SILAPPAK ABADI Sistem Informasi Layanan Pelatihan untuk Peningkatan Kompetensi ASN Berbasis Digital Sebagai Strategi Penyelesaian Masalah Peningkatan Kompetensi ASN melalui Penyediaan Informasi Pelatihan dan Penyediaan Pelatihan dengan Pembelajaran Jarak Jauh (e-learning) bagi ASN Pemerintah Kota Cimahi (Badan Kepegawaian dan Pengembangan Sumber Daya Manusia Daerah - BKPSDM Kota Cimahi) (TERBAIK) /</subfield>
      <subfield code="c">Rully Sulfanorida</subfield>
    </datafield>
    <datafield tag="100" ind1="#" ind2="#">
      <subfield code="a">Rully Sulfanorida</subfield>
    </datafield>
    <datafield tag="260" ind1="#" ind2="#">
      <subfield code="a">Sumedang :</subfield>
      <subfield code="b">Puslatbang PKASN LAN,</subfield>
      <subfield code="c">2023</subfield>
    </datafield>
    <datafield tag="300" ind1="#" ind2="#">
      <subfield code="a">89 hal ;</subfield>
      <subfield code="c">29 cm.</subfield>
    </datafield>
    <datafield tag="084" ind1="#" ind2="#">
      <subfield code="a">R PKA/B/031.2023</subfield>
    </datafield>
    <datafield tag="520" ind1="#" ind2="#">
      <subfield code="a">Coach : Pupung Puad Hasan</subfield>
    </datafield>
    <datafield tag="082" ind1="#" ind2="#">
      <subfield code="a">R PKA/B/031.2023</subfield>
    </datafield>
    <datafield tag="990" ind1="#" ind2="#">
      <subfield code="a">PKA.2023.00072</subfield>
    </datafield>
  </record>
</collection>
